José Martí, forjador de pueblos /
Saved in:
| Main Author: | |
|---|---|
| Format: | Text |
| Subjects: | |
| Tags: |
Add Tag
No Tags, Be the first to tag this record!
|
MARC
| LEADER | 00000 a a2200000 04500 | ||
|---|---|---|---|
| 001 | 44041 | ||
| 003 | |||
| 040 | |||
| 100 | |a Armas, Ramón de | ||
| 245 | |a José Martí, forjador de pueblos / |c Ramón de Armas | ||
| 650 | |a LITERATURA | ||
| 650 | |a CUBA | ||
| 773 | |g número2 (1996), páginas 25-29 | ||
| 999 | |c 22603 |d 22603 | ||
